00475nam a2200193 a 4500001001300000003000900013005001700022008004100039020001000080082001600090100002000106245002000126260004200146300000900188500003500197505001000232650001900242700002000261nice12345678IN_TiNIC20260116011333.0050524s1959 lona grp 000 0 eng  ac10000a956.94bSCH aSchwarz, Walter aArabs in Israel aLondonbFaber and Faber Limitedc1959 a172p aincludes index and biblioraphy2 aIndex aKosovo-History1 aSchwarz, Walter